Billy Joel Lyrics Quiz (Part 88) - Statistics

General Stats
  • This quiz has been taken 21 times
  • The average score is 134 of 194
Answer Stats
Answer % Correct
I
100%
She
100%
the
94%
who
94%
it
89%
me
89%
to
89%
and
83%
And
83%
at
83%
For
83%
for
83%
In
83%
in
83%
Is
83%
it’s
83%
My
83%
my
83%
on
83%
When
83%
Will
83%
all
78%
All
78%
As
78%
be
78%
But
78%
can
78%
From
78%
I’m
78%
no
78%
She’s
78%
that
78%
this
78%
This
78%
were
78%
baby
72%
by
72%
dark
72%
don’t
72%
I’ve
72%
Late
72%
like
72%
lonely
72%
need
72%
night
72%
one
72%
only
72%
say
72%
there
72%
they
72%
They
72%
women
72%
always
67%
Been
67%
cold
67%
come
67%
good
67%
grand
67%
hands
67%
last
67%
life
67%
said
67%
them
67%
these
67%
those
67%
with
67%
Any
61%
comes
61%
day
61%
doesn’t
61%
gone
61%
had
61%
hold
61%
just
61%
man
61%
one’s
61%
out
61%
reach
61%
someone
61%
stand
61%
takes
61%
through
61%
would
61%
Around
56%
away
56%
blue
56%
Ever
56%
Every
56%
far
56%
gonna
56%
grand’s
56%
keys
56%
made
56%
memories
56%
Now
56%
play
56%
Played
56%
played
56%
radio
56%
songs
56%
stay
56%
time
56%
world
56%
began
50%
blues
50%
dead
50%
dives
50%
fast
50%
got
50%
hour
50%
Keep
50%
minor
50%
scars
50%
since
50%
slipped
50%
dreary
44%
enough
44%
everywhere
44%
fame
44%
fortunes
44%
friends
44%
melancholy
44%
power
44%
Spent
44%
strayed
44%
weary
44%
bones
39%
gig
39%
home
39%
wandered
39%
holding
33%
Came
22%
No matching quizzes found
Score Distribution
Percent of People with Each Score
Percentile by Number Answered
Your Score History
You have not taken this quiz